000 00637nam a2200229 a 4500
001 BRL_735
005 20190320210855.0
008 300913s1942----mx-a######---#000-0#spa-#
041 _aspa
044 _amx
050 4 _aRC73
_b.C67 1942
100 1 _aCosto Villegas, Ismael
_924788
245 1 0 _aPatología del aparato respiratorio
_cpor el DR. Ismael Costo Villegas.
250 _a3a ed.
260 _aMéxico
_b[s.e.]
_c1942
300 _a439 p.
_bil.
_c20 cm.
500 _aAu830
500 _aEstado físico: Lomo desprendido y hojas.
650 1 4 _aAparato respiratorio
_xenfermedades
_924789
902 _aGRL
942 _2lcc
_cB
999 _c9547
_d9547